Một đời dạy văn, viết văn toàn tập

محفوظ في:
التفاصيل البيبلوغرافية
المؤلف الرئيسي: Lê, Trí Viễn
التنسيق: كتاب
اللغة:Undetermined
منشور في: Hà Nội Giáo dục 2007
الموضوعات:
الوسوم: إضافة وسم
لا توجد وسوم, كن أول من يضع وسما على هذه التسجيلة!
Thư viện lưu trữ: Trung tâm Học liệu Trường Đại học Cần Thơ
LEADER 00619nam a2200193Ia 4500
001 CTU_190702
008 210402s9999 xx 000 0 und d
082 |a 895.92208 
082 |b V305/T.7 
100 |a Lê, Trí Viễn 
245 0 |a Một đời dạy văn, viết văn toàn tập 
245 0 |c Lê Trí Viễn 
260 |a Hà Nội 
260 |b Giáo dục 
260 |c 2007 
650 |a Vietnamese literature,Văn học Việt Nam 
650 |x History and criticism,Lịch sử và phê bình 
910 |a Hải 
980 |a Trung tâm Học liệu Trường Đại học Cần Thơ